Advances in environmental biology (Record no. 12217)

000 -LEADER
fixed length control field 00629cas a2200181 a 4500
022 ## - INTERNATIONAL STANDARD SERIAL NUMBER
ISSN 1998-1066
040 ## - CATALOGING SOURCE
Transcribing agency YAM
082 ## - DEWEY DECIMAL CLASSIFICATION NUMBER
Classification number 579 AME 2007 A034 Or.
245 10 - TITLE STATEMENT
Title Advances in environmental biology
246 1# - VARYING FORM OF TITLE
Title proper/short title AEB
260 ## - PUBLICATION, DISTRIBUTION, ETC. (IMPRINT)
Place of publication Ma'an, Jordan :
Name of publisher American-Eurasian Network for Scientific Information (AENSI),
Year of publication 2007-
500 ## - GENERAL NOTE
General note Title from title screen as viewed on Apr. 2, 2008.
650 #0 - SUBJECT ADDED ENTRY--TOPICAL TERM
Topical Term Ecology
710 2# - ADDED ENTRY--CORPORATE NAME
Corporate name or jurisdiction name as entry element American-Eurasian Network for Scientific Information
710 2# - ADDED ENTRY--CORPORATE NAME
Corporate name or jurisdiction name as entry element Thomson Gale (Firm)
856 40 - ELECTRONIC LOCATION AND ACCESS
Uniform Resource Identifier http://MY2VS8LV9P.search.serialssolutions.com/?V=1.0&L=MY2VS8LV9P&S=JCs&C=ADIEB&T=marc
942 ## - ADDED ENTRY ELEMENTS (KOHA)
Koha item type សៀវភៅភាសាអង់គ្លេស
952 ## - LOCATION AND ITEM INFORMATION (KOHA)
Withdrawn status [LOCAL, KOHA] 0
Holdings
Permanent Location Date acquired Koha item type Lost status Shelving location Barcode Current Location Full call number
Library Block A2017-08-11សៀវភៅភាសាអង់គ្លេស A034A13098Library Block A579 AME 2007 A034 Or.
មជ្ឈមណ្ឌលឯការនៃសាកលវិទ្យាល័យភូមិន្ទកសិកម្មចំការដូង

Powered by Koha